000 00701nam a2200205Ia 4500
005 20241216011357.0
008 190429s9999||||xx |||||||||||||| ||und||
082 _a370
_bC23
100 _aCANCHO YUPANQUI CARMEN LUZ, CAYETANO HINOSTROZA GRIMALDA PILAR, RUIZ CHAMOROO CESILIA CAROLINA
245 0 _aAPLICACION DEL PLAN DALTON EN EL PROCESO EDUCATIVO DE LA ESCUELA PRIMARIA DE MENORES N 34121 DE LUCMAPAMPA YANAHUANCA
250 _a0
260 _aCERRO DE PASCO-PERU
_bUNDAC
_c1996
300 _a83 pag.
_c30 cm.
341 _h0
490 _v0
_a0
505 _aPROCESO EDUCATIVO-PLAN DALTON
541 _aD
_bCANCHO YUPANQUI CARMEN
_d19-Nov-98
_oSoles
650 _aEducación
942 _cTESIS
999 _c40180
_d40180